Dutch football clubs on a map - Statistics

General Stats
  • This quiz has been taken 380 times
    131 since last reset
  • The average score is 26 of 34
Answers on the Map
Answers color-coded by a green-red scale on the quiz's map according to % correct below.
 
Answer Stats
Club % Correct
Ajax
99%
Feyenoord
98%
FC Groningen
96%
PSV
94%
FC Utrecht
92%
AZ
90%
Sparta Rotterdam
88%
SC Heerenveen
87%
NAC Breda
86%
NEC
86%
FC Twente
85%
MVV Maastricht
85%
Almere City FC
83%
Vitesse
81%
Excelsior Rotterdam
80%
Go Ahead Eagles
79%
PEC Zwolle
79%
ADO Den Haag
77%
Heracles Almelo
76%
Willem II
75%
Fortuna Sittard
74%
VVV Venlo
74%
FC Eindhoven
73%
FC Volendam
73%
FC Emmen
72%
SC Cambuur
70%
FC Den Bosch
68%
Roda JC Kerkrade
66%
RKC Waalwijk
64%
Telstar
64%
De Graafschap
62%
FC Dordrecht
61%
TOP Oss
56%
Helmond Sport
54%
No matching quizzes found
Score Distribution
Percent of People with Each Score
Percentile by Number Answered
Your Score History
You have not taken this quiz since the last reset